[Event "40th ECC Open 2025"]
[Site "Rhodes GRE"]
[Date "2025.10.22"]
[Round "4.62"]
[White "Ben Ari, Yannay"]
[Black "Oro, Faustino"]
[Result "1/2-1/2"]
[WhiteTitle "IM"]
[BlackTitle "IM"]
[WhiteElo "2459"]
[BlackElo "2509"]
[WhiteTeam "Beer Sheva"]
[BlackTeam "Turkish Airlines sports club"]
[WhiteFideId "2815222"]
[BlackFideId "20000197"]
[EventDate "2025.10.19"]
[EventType "team"]

1. c4 e5 2. g3 d6 3. Nc3 f5 4. d4 Be7 5. Bh3 Na6 6. Be3 Nf6 7. Nf3 e4 8. Nh4 Ng4
9. Bxg4 fxg4 10. Nxe4 Bxh4 11. gxh4 Qxh4 12. Qb3 Qe7 13. Nc3 O-O 14. O-O-O c6
15. Kb1 Nc7 16. Ka1 b6 17. Rc1 Kh8 18. Rhd1 Bf5 19. Qa3 Bg6 20. Rg1 Qd7 21. Rg3
b5 22. d5 cxd5 23. cxb5 Nxb5 24. Qa4 a6 25. Nxd5 Qb7 26. Nf4 Bf5 27. Rgg1 Rfe8
28. Qc4 Rab8 29. Qd5 Qd7 30. Qc6 Qe7 31. Qd5 Rf8 32. Rgd1 Be4 33. Qe6 Qb7 34.
Qb3 Qa8 35. Qe6 Qb7 36. Qb3 Qa8 37. Qe6 Qb7 1/2-1/2

[Event "40th ECC Open 2025"]
[Site "Rhodes GRE"]
[Date "2025.10.22"]
[Round "4.63"]
[White "Ahmad, Khagan"]
[Black "Kobo, Ori"]
[Result "1-0"]
[WhiteTitle "IM"]
[BlackTitle "GM"]
[WhiteElo "2455"]
[BlackElo "2480"]
[WhiteTeam "Turkish Airlines sports club"]
[BlackTeam "Beer Sheva"]
[WhiteFideId "13431552"]
[BlackFideId "2812320"]
[EventDate "2025.10.19"]
[EventType "team"]

1. Nf3 d5 2. d4 Bf5 3. c4 e6 4. Nc3 Nf6 5. Nh4 Bb4 6. Bg5 c5 7. Nxf5 exf5 8.
cxd5 Qa5 9. dxc5 Nxd5 10. Qxd5 Bxc3+ 11. Bd2 Bxd2+ 12. Qxd2 Qxd2+ 13. Kxd2 Na6
14. Rc1 O-O-O+ 15. Ke1 Rd5 16. a3 Rxc5 17. Rxc5+ Nxc5 18. e3 Kd7 19. Bb5+ Ke7
20. Ke2 Ne6 21. Rc1 f4 22. Bd3 fxe3 23. Kxe3 Rd8 24. Be4 b6 25. f4 Nc5 26. Bc2
Kf6 27. g4 Re8+ 28. Kf3 g5 29. fxg5+ Kxg5 30. Rd1 h6 31. h4+ Kf6 32. Rd6+ Ne6
33. Ba4 Rc8 34. Bb3 Rc1 35. Rd2 Nc5 36. Bd1 Ke5 37. Re2+ Kf6 38. Rd2 a5 39. Ke3
Ke5 40. Bf3 Re1+ 41. Kf2 Rb1 42. Kg3 Rg1+ 43. Kf2 Rb1 44. Kg3 Na4 45. Rd7 Ke6
46. Rc7 Rxb2 47. Rc6+ Ke7 48. Rxh6 Nc5 49. g5 Rb3 50. Kg4 Nd7 51. Bd5 Rd3 52.
Bc6 Ne5+ 53. Kf5 Ng6 54. h5 Nh4+ 55. Kf4 Rd4+ 56. Be4 b5 57. Ra6 b4 58. Ke5 Rd1
59. Rxa5 bxa3 60. Rxa3 Rg1 61. Ra7+ Kf8 62. h6 Nf3+ 63. Kf6 1-0

[Event "40th ECC Open 2025"]
[Site "Rhodes GRE"]
[Date "2025.10.22"]
[Round "4.64"]
[White "Postny, Evgeny"]
[Black "Cieslak, Patryk"]
[Result "1/2-1/2"]
[WhiteTitle "GM"]
[BlackTitle "IM"]
[WhiteElo "2529"]
[BlackElo "2474"]
[WhiteTeam "Beer Sheva"]
[BlackTeam "Turkish Airlines sports club"]
[WhiteFideId "2804344"]
[BlackFideId "21078882"]
[EventDate "2025.10.19"]
[EventType "team"]

1. d4 d5 2. c4 e6 3. Nc3 Nf6 4. Bg5 dxc4 5. e3 a6 6. Bxc4 b5 7. Be2 h6 8. Bxf6
Qxf6 9. Bf3 Ra7 10. a4 b4 11. Ne4 Qd8 12. Ne2 Nd7 13. O-O Be7 14. Rc1 O-O 15.
Qc2 a5 16. Rfd1 Bd6 17. N2g3 Qe7 18. Nd2 c5 19. Nge4 cxd4 20. Nxd6 Qxd6 21. Nc4
Qc5 22. exd4 Qe7 23. Ne3 Nb6 24. b3 Bb7 25. Bxb7 Qxb7 26. Qc6 Rd8 27. Qxb7 Rxb7
28. Rc5 Nd5 29. Nxd5 Rxd5 30. Rxd5 exd5 31. Rc1 Re7 32. Kf1 Re4 33. Rc5 Rxd4 34.
Ke2 Re4+ 35. Kd3 Re1 36. Rxd5 Rc1 37. Rxa5 Rc3+ 38. Kd4 Rxb3 39. Kc4 Rb2 40. Rf5
Kf8 41. a5 Ke7 42. Kb5 b3 43. Rf3 Kd6 44. Rxf7 Rc2 45. Rf3 b2 46. Rb3 Kc7 47.
Ka4 Rxf2 48. Ka3 Rxg2 49. Rxb2 Rxb2 50. Kxb2 g5 51. Kc3 g4 52. Kd3 h5 53. Ke3 h4
54. Kf4 g3 55. hxg3 hxg3 56. Kxg3 Kb8 1/2-1/2

[Event "40th ECC Open 2025"]
[Site "Rhodes GRE"]
[Date "2025.10.22"]
[Round "4.65"]
[White "Erten, Kerem"]
[Black "Huzman, Alexander"]
[Result "1/2-1/2"]
[WhiteTitle "FM"]
[BlackTitle "GM"]
[WhiteElo "2372"]
[BlackElo "2521"]
[WhiteTeam "Turkish Airlines sports club"]
[BlackTeam "Beer Sheva"]
[WhiteFideId "34588221"]
[BlackFideId "2803828"]
[EventDate "2025.10.19"]
[EventType "team"]

1. e4 c5 2. Nf3 Nc6 3. Bb5 d6 4. O-O Bd7 5. Re1 a6 6. Bxc6 Bxc6 7. d4 cxd4 8.
Nxd4 Rc8 9. Nc3 g6 10. Nxc6 Rxc6 11. Qd4 Nf6 12. Bg5 Bg7 13. Nd5 O-O 14. Bxf6
Bxf6 15. Nxf6+ exf6 16. c4 Qe7 17. b3 Qe5 18. Rad1 b5 19. cxb5 axb5 20. Qxe5
fxe5 21. Re2 Ra8 22. f3 Rca6 23. Rd5 Rxa2 24. Rxa2 Rxa2 25. Rxb5 Rb2 26. Rd5
Rxb3 27. Rxd6 Kg7 28. h4 Rb1+ 29. Kh2 h5 30. Rd5 Kf6 31. Rd6+ 1/2-1/2

[Event "40th ECC Open 2025"]
[Site "Rhodes GRE"]
[Date "2025.10.22"]
[Round "4.66"]
[White "Vydeslaver, Alik"]
[Black "Solakoglu, Ozgur"]
[Result "1-0"]
[WhiteTitle "IM"]
[BlackTitle "FM"]
[WhiteElo "2373"]
[BlackElo "1949"]
[WhiteTeam "Beer Sheva"]
[BlackTeam "Turkish Airlines sports club"]
[WhiteFideId "2801876"]
[BlackFideId "6300510"]
[EventDate "2025.10.19"]
[EventType "team"]

1. Nf3 Nf6 2. c4 c5 3. g3 g6 4. Bg2 Bg7 5. d4 cxd4 6. Nxd4 Nc6 7. Nc3 O-O 8. O-O
a6 9. Nc2 d6 10. b3 Qa5 11. Bd2 Qh5 12. e4 Bg4 13. f3 Bh3 14. Qe2 Bxg2 15. Kxg2
Nd7 16. Rac1 b5 17. Nd5 bxc4 18. g4 Qh4 19. Be1 Qh6 20. Bd2 Qh4 21. bxc4 e6 22.
Be1 Qd8 23. Nde3 Rc8 24. Bg3 Nc5 25. Rfd1 Nb7 26. c5 Qa5 27. cxd6 Nd4 28. Nxd4
Rxc1 29. Rxc1 Bxd4 30. Nc4 Qb5 31. Qd3 e5 32. Nxe5 Bb6 33. Qxb5 axb5 34. Nd7 Be3
35. Rc7 1-0

[Event "40th ECC Open 2025"]
[Site "Rhodes GRE"]
[Date "2025.10.22"]
[Round "4.67"]
[White "Mastrovasilis, Dimitrios"]
[Black "Bellahcene, Bilel"]
[Result "1/2-1/2"]
[WhiteTitle "GM"]
[BlackTitle "GM"]
[WhiteElo "2522"]
[BlackElo "2485"]
[WhiteTeam "Kavala"]
[BlackTeam "CE Nyon"]
[WhiteFideId "4202694"]
[BlackFideId "696358"]
[EventDate "2025.10.19"]
[EventType "team"]

1. Nf3 Nf6 2. c4 c5 3. Nc3 Nc6 4. d4 cxd4 5. Nxd4 e6 6. e4 Bb4 7. Nxc6 bxc6 8.
Bd3 e5 9. O-O O-O 10. h3 Bc5 11. Re1 d6 12. Be3 Bxe3 13. Rxe3 Be6 14. Qd2 Qc7
15. Rd1 Rfd8 16. Be2 Rd7 17. b3 d5 18. cxd5 cxd5 19. exd5 Nxd5 20. Rd3 Nxc3 21.
Qxc3 Qxc3 22. Rxc3 Rxd1+ 23. Bxd1 Rc8 24. Rxc8+ Bxc8 25. Kf1 Kf8 26. Ke2 Ke7 27.
Ke3 g5 28. g4 f5 29. gxf5 Bxf5 30. Bg4 Bg6 1/2-1/2

[Event "40th ECC Open 2025"]
[Site "Rhodes GRE"]
[Date "2025.10.22"]
[Round "4.68"]
[White "Charnushevich, Aliaksei"]
[Black "Galopoulos, Nikolaos"]
[Result "1/2-1/2"]
[WhiteTitle "GM"]
[WhiteElo "2496"]
[BlackElo "2425"]
[WhiteTeam "CE Nyon"]
[BlackTeam "Kavala"]
[WhiteFideId "13500767"]
[BlackFideId "4208951"]
[EventDate "2025.10.19"]
[EventType "team"]

1. Nf3 c5 2. e3 Nf6 3. d4 e6 4. Bd3 d5 5. b3 Nc6 6. Bb2 Bd6 7. Nbd2 O-O 8. O-O
b6 9. a3 Bb7 10. Qe2 Nd7 11. c4 Qe7 12. cxd5 exd5 13. Ba6 Bxa6 14. Qxa6 Rac8 15.
Rfc1 Rc7 16. Qd3 Rd8 17. dxc5 Nxc5 18. Qf5 Qe6 19. Qb1 Rdc8 20. Rd1 Qe7 21. Qf5
Qe6 22. Qb1 Qe7 23. Qf5 Qe6 24. Qb1 Qe7 1/2-1/2

[Event "40th ECC Open 2025"]
[Site "Rhodes GRE"]
[Date "2025.10.22"]
[Round "4.69"]
[White "Kanakaris, Georgios"]
[Black "Willems, Niels"]
[Result "1/2-1/2"]
[WhiteTitle "IM"]
[BlackTitle "FM"]
[WhiteElo "2382"]
[BlackElo "2373"]
[WhiteTeam "Kavala"]
[BlackTeam "CE Nyon"]
[WhiteFideId "4209460"]
[BlackFideId "20695586"]
[EventDate "2025.10.19"]
[EventType "team"]

1. Nf3 Nf6 2. g3 c5 3. Bg2 Nc6 4. O-O e5 5. e4 d6 6. d3 g6 7. a4 Bg7 8. Na3 O-O
9. c3 d5 10. exd5 Nxd5 11. Re1 h6 12. Nc4 Re8 13. Qb3 Nb6 14. Nfd2 Be6 15. Qb5
Bf8 16. a5 Nxc4 17. dxc4 Bd7 18. Ne4 Kg7 19. Qa4 f5 20. Nd2 Nb4 21. Qb3 Nd3 22.
Rd1 Rb8 23. Nf1 e4 24. Ne3 Be6 25. Nd5 Qc8 26. Rxd3 exd3 27. Bf4 Bxd5 28. Bxd5
d2 29. Kf1 Ra8 30. Qc2 Re1+ 31. Rxe1 dxe1=Q+ 32. Kxe1 Qd7 33. Qd2 Re8+ 34. Kf1
g5 35. Bxg5 hxg5 36. Qxg5+ Kh7 37. Qh5+ Kg7 38. Qg5+ 1/2-1/2

[Event "40th ECC Open 2025"]
[Site "Rhodes GRE"]
[Date "2025.10.22"]
[Round "4.70"]
[White "Dudognon, Thibault"]
[Black "Stefanou, Dimitrios"]
[Result "1-0"]
[WhiteTitle "IM"]
[BlackTitle "FM"]
[WhiteElo "2344"]
[BlackElo "2334"]
[WhiteTeam "CE Nyon"]
[BlackTeam "Kavala"]
[WhiteFideId "20675569"]
[BlackFideId "25825011"]
[EventDate "2025.10.19"]
[EventType "team"]

1. e4 d6 2. d4 Nf6 3. Nc3 g6 4. Bf4 c6 5. Qd2 b5 6. e5 b4 7. exf6 bxc3 8. Qxc3
exf6 9. d5 cxd5 10. O-O-O Be7 11. Bh6 Be6 12. Nf3 Nd7 13. Bb5 Rc8 14. Qa3 Qb6
15. Nd4 Rc5 16. Bxd7+ Bxd7 17. Rhe1 Kd8 18. Bd2 Re8 19. Re3 Qc7 20. Kb1 Bf8 21.
Rxe8+ Kxe8 22. Re1+ Kd8 23. Nb3 Qb7 24. Nxc5 dxc5 25. Bc3 Be6 26. Bxf6+ Kc8 27.
f3 Bd6 28. Qa4 Qc7 29. Qa6+ Kd7 30. g3 d4 31. f4 Qb6 32. Qa4+ Kc8 33. Be5 Bd7
34. Qa3 Kc7 35. Bxd6+ Kxd6 36. Qf3 Be6 37. Qe4 Qa5 38. a3 Qd2 39. Qe2 Qa5 40.
Qe5+ Kd7 41. Rd1 Qb6 42. b4 Qa6 43. Qxc5 Qxa3 44. Qxd4+ Kc6 45. Qc5+ Kb7 46.
Qb5+ Kc7 47. Qa5+ 1-0

[Event "40th ECC Open 2025"]
[Site "Rhodes GRE"]
[Date "2025.10.22"]
[Round "4.71"]
[White "Koutlas, Nikolaos"]
[Black "Joie, Sebastien"]
[Result "0-1"]
[WhiteTitle "FM"]
[BlackTitle "IM"]
[WhiteElo "2302"]
[BlackElo "2369"]
[WhiteTeam "Kavala"]
[BlackTeam "CE Nyon"]
[WhiteFideId "25827138"]
[BlackFideId "650420"]
[EventDate "2025.10.19"]
[EventType "team"]

1. e4 c6 2. d4 d5 3. e5 Bf5 4. Nf3 e6 5. Be2 c5 6. Be3 Qb6 7. Nc3 c4 8. Rb1 Bb4
9. Nh4 Ne7 10. Kf1 Bxc3 11. bxc3 Qc7 12. Nxf5 Nxf5 13. Bc1 Nc6 14. h4 O-O-O 15.
Bg4 Nfe7 16. Ba3 Kb8 17. Rh3 Rhf8 18. h5 f6 19. Bd6 Rxd6 20. exd6 Qxd6 21. Kg1
f5 22. Be2 Ng8 23. Qc1 Nf6 24. Bf3 Rf7 25. Rh4 h6 26. Qf4 Qxf4 27. Rxf4 Ne7 28.
Re1 g5 29. hxg6 Nxg6 30. g3 Nxf4 31. gxf4 Ne4 32. Re3 Kc7 33. Kf1 Kd6 34. Ke2
Nf6 35. Kd2 Ng4 36. Re2 h5 37. Bg2 Rg7 38. Bh3 Nf6 39. Ke1 h4 40. Re3 Rg1+ 41.
Ke2 Rc1 42. Kd2 Ra1 43. Bg2 Rg1 44. Bh3 Ne4+ 45. Ke2 Rc1 46. f3 Rxc2+ 47. Kd1
Rxc3 0-1

[Event "40th ECC Open 2025"]
[Site "Rhodes GRE"]
[Date "2025.10.22"]
[Round "4.72"]
[White "Ondozi, Murtez"]
[Black "Ketzetzis, Georgios"]
[Result "0-1"]
[WhiteTitle "FM"]
[BlackTitle "FM"]
[WhiteElo "2316"]
[BlackElo "2260"]
[WhiteTeam "CE Nyon"]
[BlackTeam "Kavala"]
[WhiteFideId "937576"]
[BlackFideId "4215206"]
[EventDate "2025.10.19"]
[EventType "team"]

1. d4 d5 2. Bf4 c5 3. c3 cxd4 4. cxd4 Nc6 5. Nc3 e5 6. Be3 Nh6 7. Bxh6 exd4 8.
Bd2 dxc3 9. bxc3 Bd6 10. Nf3 O-O 11. e3 Bg4 12. Qb3 Qf6 13. Nd4 Rfe8 14. Nxc6
bxc6 15. Qa4 Re4 16. Qc2 Rae8 17. Bd3 R4e6 18. Bxh7+ Kh8 19. Bd3 c5 20. Rc1 Qh4
21. g3 Qh5 22. Bb5 R8e7 23. Qa4 c4 24. h4 Qf5 25. Qc2 Qf3 26. O-O Bh3 0-1

[Event "40th ECC Open 2025"]
[Site "Rhodes GRE"]
[Date "2025.10.22"]
[Round "4.73"]
[White "Johansson, Linus"]
[Black "Hamitevici, Vladimir"]
[Result "1-0"]
[WhiteTitle "IM"]
[BlackTitle "GM"]
[WhiteElo "2408"]
[BlackElo "2445"]
[WhiteTeam "Limhamns SK"]
[BlackTeam "Perfect"]
[WhiteFideId "1711113"]
[BlackFideId "13902393"]
[EventDate "2025.10.19"]
[EventType "team"]

1. d4 d6 2. e4 g6 3. Nc3 c6 4. Be3 Nf6 5. Qd2 b5 6. f3 Nbd7 7. a4 b4 8. Nd1 c5
9. Bb5 Qc7 10. Ne2 a6 11. Bxd7+ Nxd7 12. d5 h5 13. O-O Bg7 14. Rb1 a5 15. Nf2
Ba6 16. Rfc1 O-O 17. Ng3 Kh7 18. Nh3 c4 19. Qf2 Rh8 20. f4 Kg8 21. Ng5 h4 22.
Ne2 c3 23. b3 h3 24. gxh3 Bf6 25. Kg2 Bxe2 26. Qxe2 Rh5 27. Rf1 Re8 28. Qf2 e6
29. dxe6 fxe6 30. Kg1 Qc6 31. Qg2 Bxg5 32. fxg5 Re7 33. Bf2 Nc5 34. Rbe1 e5 35.
Bxc5 Qxc5+ 36. Kh1 Rh4 37. Rf6 Kh7 38. Qf3 Rf4 39. Rxf4 exf4 40. Qxf4 Qe5 41.
Qxe5 dxe5 42. Rd1 Rf7 43. Kg2 Rf4 44. Rd5 Rxe4 45. Kf2 Rf4+ 46. Ke2 Re4+ 47. Kd3
Rh4 48. Rxe5 Rxh3+ 49. Kc4 Rxh2 50. Kb5 Rxc2 51. Kxa5 Rd2 52. Kxb4 c2 53. Rc5
Kg7 54. Ka3 1-0

[Event "40th ECC Open 2025"]
[Site "Rhodes GRE"]
[Date "2025.10.22"]
[Round "4.74"]
[White "Atlas, Valery"]
[Black "Jepson, Christian"]
[Result "1/2-1/2"]
[WhiteTitle "IM"]
[BlackTitle "IM"]
[WhiteElo "2407"]
[BlackElo "2402"]
[WhiteTeam "Perfect"]
[BlackTeam "Limhamns SK"]
[WhiteFideId "12000035"]
[BlackFideId "1701185"]
[EventDate "2025.10.19"]
[EventType "team"]

1. e4 d6 2. d4 Nf6 3. Nc3 Nbd7 4. Be3 e5 5. Nf3 Be7 6. Be2 O-O 7. O-O c6 8. a4
a5 9. h3 exd4 10. Nxd4 Nc5 11. Bf3 Re8 12. Nde2 Bf8 13. Ng3 Be6 14. Re1 Nfd7 15.
Be2 Qh4 16. Bf1 Nf6 17. Bd4 d5 18. e5 Nfd7 19. Nce2 f6 20. exf6 Nxf6 21. b3 Nce4
22. Nxe4 Nxe4 23. g3 Qh6 24. Nf4 Bf7 25. Bg2 Bb4 26. Re3 Rad8 27. Qg4 Nf6 28.
Rxe8+ Rxe8 29. Qf5 Bd2 30. Rd1 Bxf4 31. Qxf4 1/2-1/2

[Event "40th ECC Open 2025"]
[Site "Rhodes GRE"]
[Date "2025.10.22"]
[Round "4.75"]
[White "Lindgren, Philip"]
[Black "Korsunsky, Yuri"]
[Result "1-0"]
[WhiteTitle "IM"]
[BlackTitle "IM"]
[WhiteElo "2385"]
[BlackElo "2369"]
[WhiteTeam "Limhamns SK"]
[BlackTeam "Perfect"]
[WhiteFideId "1713230"]
[BlackFideId "14102722"]
[EventDate "2025.10.19"]
[EventType "team"]

1. Nf3 e6 2. c4 f5 3. g3 Nf6 4. Bg2 c6 5. b3 Be7 6. Bb2 O-O 7. O-O b6 8. Qc2 Bb7
9. Nc3 c5 10. e3 Ne4 11. Ne5 d5 12. cxd5 exd5 13. Nxe4 fxe4 14. d3 Bf6 15. dxe4
Qe7 16. f4 Bxe5 17. fxe5 Nc6 18. exd5 Nxe5 19. d6 Qg5 20. Bxb7 Qxe3+ 21. Kh1 1-0

[Event "40th ECC Open 2025"]
[Site "Rhodes GRE"]
[Date "2025.10.22"]
[Round "4.76"]
[White "Kurochkin, Victor"]
[Black "Brynell, Stellan"]
[Result "1/2-1/2"]
[BlackTitle "GM"]
[WhiteElo "2370"]
[BlackElo "2378"]
[WhiteTeam "Perfect"]
[BlackTeam "Limhamns SK"]
[WhiteFideId "4105168"]
[BlackFideId "1700219"]
[EventDate "2025.10.19"]
[EventType "team"]

1. e4 e6 2. d4 d5 3. exd5 exd5 4. Bd3 c5 5. Nf3 c4 6. Be2 Nf6 7. b3 cxb3 8. axb3
Bd6 9. O-O O-O 10. c4 Nc6 11. Nc3 Bb4 12. Bb2 Bg4 13. Ne5 Bxc3 14. Bxc3 Bxe2 15.
Qxe2 Qc7 16. Rfd1 a6 17. Qf3 Rad8 18. Rac1 Qb6 19. Ba1 Na5 20. Rd3 Rc8 21. g4
Qd8 22. Bb2 Rc7 23. h4 Ne4 24. cxd5 Rxc1+ 25. Bxc1 Qxd5 26. Re3 f6 27. Qxe4 Qxe4
28. Rxe4 fxe5 29. dxe5 Nxb3 30. Ba3 Nd2 31. Re2 Nf3+ 32. Kg2 Nxh4+ 33. Kg3 Rf3+
34. Kxh4 Rxa3 35. Rc2 Rf3 36. Rc7 Rf7 37. Rc8+ Rf8 38. Rc7 b5 39. Ra7 Rb8 40.
Rxa6 b4 41. Ra2 Kf7 42. f4 b3 43. Rb2 Ke6 44. Kg5 Rb6 45. Rb1 b2 46. Kh5 Rb3 47.
Kg5 Rb5 48. Kh5 Kd5 49. Kh4 Rb7 50. Kg5 Rb8 51. Kh5 Ke4 52. e6 Kxf4 53. e7 Re8
54. Rxb2 Rxe7 55. Kh4 Re3 56. Rb4+ Ke5 57. Rb5+ Kf6 58. Rb6+ Kf7 59. Rb7+ Re7
60. Rb6 h6 61. Kg3 Re6 62. Rb7+ Kf6 63. Ra7 g6 64. Ra3 Rb6 1/2-1/2

[Event "40th ECC Open 2025"]
[Site "Rhodes GRE"]
[Date "2025.10.22"]
[Round "4.77"]
[White "Ziegler, Ari"]
[Black "Slavin, Gennadie"]
[Result "1-0"]
[WhiteTitle "IM"]
[WhiteElo "2297"]
[BlackElo "2207"]
[WhiteTeam "Limhamns SK"]
[BlackTeam "Perfect"]
[WhiteFideId "1700987"]
[BlackFideId "4104870"]
[EventDate "2025.10.19"]
[EventType "team"]

1. e4 e6 2. d4 d5 3. Nc3 Nf6 4. e5 Nfd7 5. f4 c5 6. Nf3 Nc6 7. Be3 a6 8. Qd2 b5
9. a3 Qb6 10. Bf2 cxd4 11. Nxd4 Nxd4 12. Bxd4 Bc5 13. O-O-O Bb7 14. h4 Bc6 15.
b4 Bxd4 16. Qxd4 Qxd4 17. Rxd4 h5 18. Be2 g6 19. Rh3 Ke7 20. Nb1 Nb6 21. Rc3
Rhc8 22. g3 Ra7 23. g4 hxg4 24. Bxg4 Rac7 25. Kd2 Na4 26. Rh3 Bd7 27. c3 Rc4 28.
Be2 R4c7 29. Bd1 Nb6 30. Bb3 Rh8 31. Kc2 Rh6 32. Nd2 Rc8 33. Nf3 Bc6 34. Rd2 Bb7
35. Nd4 Bc6 36. Rdh2 Bd7 37. Kb2 Bc6 38. h5 Rxh5 39. Rxh5 gxh5 40. Rxh5 Bd7 41.
Rh6 Rg8 42. f5 Rg3 43. f6+ Kf8 44. Rh8+ Rg8 45. Rxg8+ Kxg8 46. Kc2 Kh7 47. Kd3
Kg6 48. Nf3 Be8 49. Kd4 Nd7 50. Bc2+ Kh5 51. Ne1 Kg5 52. Nd3 Kf5 53. Nc5+ Kf4
54. Nd3+ Kf5 55. Bb1 Nb6 56. Ba2 Nd7 57. Bb3 Kg5 58. Nc5 Nb8 59. Nd3 Kf5 60. Kc5
Ke4 61. Bc2 Ke3 62. Kd6 Nc6 63. Nc5 Kf4 64. a4 Nxe5 65. Ke7 Bc6 66. a5 Ke3 67.
Kd6 Kf4 68. Nd3+ Nxd3 69. Bxd3 Ba8 70. Ke7 e5 71. Kxf7 d4 72. Ke6 Ke3 73. f7 1-0

[Event "40th ECC Open 2025"]
[Site "Rhodes GRE"]
[Date "2025.10.22"]
[Round "4.78"]
[White "Pleshkov, Mikhail"]
[Black "Carlsson, Daniel"]
[Result "1-0"]
[WhiteElo "2033"]
[BlackElo "2299"]
[WhiteTeam "Perfect"]
[BlackTeam "Limhamns SK"]
[WhiteFideId "34106917"]
[BlackFideId "1703021"]
[EventDate "2025.10.19"]
[EventType "team"]

1. d4 Nf6 2. Nf3 g6 3. c4 Bg7 4. g3 c6 5. Bg2 O-O 6. O-O d5 7. cxd5 cxd5 8. Nc3
Nc6 9. Ne5 Bf5 10. Qa4 Qb6 11. Rd1 Rad8 12. Nxc6 bxc6 13. Qa3 e5 14. Na4 Qa6 15.
dxe5 Ng4 16. Bg5 Rb8 17. Rac1 Bxe5 18. Rd2 h6 19. Be7 Rfe8 20. h3 Bf6 21. Bd6
Ne5 22. Bxb8 Nc4 23. Rxc4 Qxc4 24. b3 Qb5 25. Bxa7 Rxe2 26. Qc1 Re6 27. Bd4 Bg5
28. f4 Bd8 29. Nc5 Re8 30. g4 Bc8 31. Bf1 Qa5 32. Qc3 Qc7 33. Bh8 f6 34. Bxf6
Qxf4 35. Rf2 Bxf6 36. Qxf6 Qg3+ 37. Bg2 Re1+ 38. Rf1 Qe3+ 39. Qf2 Rxf1+ 40. Bxf1
Qe5 41. Nd3 Qe7 42. Qf4 Qa7+ 43. Kh1 Qxa2 44. Ne5 Qa7 45. Qxh6 Qf2 46. Qxg6+ Kf8
47. Qd3 c5 48. Qf3+ Qxf3+ 49. Nxf3 Kf7 50. Kg2 Kf6 51. Kg3 Be6 52. Kf4 c4 53. b4
Bd7 54. Nd4 1-0

[Event "40th ECC Open 2025"]
[Site "Rhodes GRE"]
[Date "2025.10.22"]
[Round "4.79"]
[White "Noe, Christopher"]
[Black "Cheng, Bobby"]
[Result "1-0"]
[WhiteTitle "GM"]
[BlackTitle "GM"]
[WhiteElo "2513"]
[BlackElo "2596"]
[WhiteTeam "De Sprenger Echternach"]
[BlackTeam "SV Werder Bremen"]
[WhiteFideId "24692018"]
[BlackFideId "4300033"]
[EventDate "2025.10.19"]
[EventType "team"]

1. Nf3 d5 2. e3 Nf6 3. c4 e6 4. Nc3 c6 5. b3 Bd6 6. Bb2 O-O 7. Qc2 e5 8. d3 a6
9. Be2 Re8 10. h3 Qe7 11. g4 Be6 12. g5 Nfd7 13. h4 b5 14. h5 Nf8 15. Nb1 Nbd7
16. Nbd2 Reb8 17. c5 Bc7 18. a3 a5 19. Rc1 b4 20. a4 Re8 21. Rg1 Rad8 22. Nh4 f5
23. Ndf3 g6 24. e4 fxe4 25. dxe4 d4 26. Bc4 Qf7 27. Nf5 Kh8 28. hxg6 Nxg6 29.
Rh1 d3 30. Bxe6 Qxe6 31. Qc4 d2+ 32. Nxd2 Nf4 33. Kf1 Nxc5 34. Qc2 Ncd3 35. Rh6
Qd7 36. Qxc6 Qxc6 37. Rcxc6 Rd7 38. Ba1 Nxf2 39. Kxf2 Rxd2+ 40. Kf3 Rd7 41. g6
Bb8 42. g7+ Rxg7 43. Nxg7 Kxg7 44. Rh1 Rf8 45. Kg4 Ng6 46. Rb6 Rf4+ 47. Kg3 Bc7
48. Rb7 Rf7 49. Rc1 Bd6 50. Rxf7+ Kxf7 51. Rc6 Ke6 52. Ra6 Nf4 53. Rxa5 Nd3 54.
Ra8 Nc5 55. a5 Nxe4+ 56. Kf3 Nd2+ 57. Ke2 Nxb3 58. a6 Bc5 59. a7 Bxa7 60. Rxa7
Kd5 61. Bb2 h5 62. Ke3 h4 63. Re7 Nc5 64. Rxe5+ Kc4 65. Rh5 Na4 66. Rxh4+ Kb3
67. Bg7 Nb6 68. Kd2 Nc4+ 69. Kc1 Na3 70. Bf8 Nc4 71. Be7 Ne5 72. Rxb4+ Kc3 73.
Rb7 1-0

[Event "40th ECC Open 2025"]
[Site "Rhodes GRE"]
[Date "2025.10.22"]
[Round "4.80"]
[White "Wachinger, Nikolas"]
[Black "Sumets, Andrey"]
[Result "1-0"]
[WhiteTitle "IM"]
[BlackTitle "GM"]
[WhiteElo "2456"]
[BlackElo "2520"]
[WhiteTeam "SV Werder Bremen"]
[BlackTeam "De Sprenger Echternach"]
[WhiteFideId "12962791"]
[BlackFideId "14105500"]
[EventDate "2025.10.19"]
[EventType "team"]

1. e4 c6 2. Nc3 d5 3. Nf3 Bg4 4. h3 Bxf3 5. gxf3 e6 6. d4 Nf6 7. Qd3 a5 8. h4 a4
9. a3 g6 10. Bg5 h6 11. Bd2 b5 12. Bh3 Na6 13. e5 Nd7 14. h5 g5 15. f4 gxf4 16.
Ne2 Nc7 17. Nxf4 Nb6 18. Rg1 Nc4 19. Bc3 Kd7 20. Qf3 Be7 21. Ke2 Qf8 22. Rg4 Rg8
23. Nd3 Rxg4 24. Qxg4 Na6 25. f4 Re8 26. f5 Bg5 27. Nf4 Bxf4 28. Qxf4 c5 29. b3
cxd4 30. Qxd4 Nxa3 31. Rf1 Qc5 32. fxe6+ fxe6 33. Qxc5 Nxc5 34. Bb4 Nxc2 35.
Bxc5 axb3 36. Kd2 Rg8 37. Rf6 Kc6 38. Bf2 Na3 39. Bxe6 Rg5 40. Bf5+ Kc7 41. Rf7+
Kb8 42. e6 Nc4+ 43. Kc3 Nd6 44. e7 1-0

[Event "40th ECC Open 2025"]
[Site "Rhodes GRE"]
[Date "2025.10.22"]
[Round "4.81"]
[White "Stork, Oliver"]
[Black "Colbow, Collin"]
[Result "0-1"]
[WhiteTitle "FM"]
[BlackTitle "IM"]
[WhiteElo "2365"]
[BlackElo "2435"]
[WhiteTeam "De Sprenger Echternach"]
[BlackTeam "SV Werder Bremen"]
[WhiteFideId "12955728"]
[BlackFideId "16201132"]
[EventDate "2025.10.19"]
[EventType "team"]

1. Nf3 Nf6 2. c4 e6 3. Nc3 d5 4. e3 Bd6 5. b3 O-O 6. Bb2 c6 7. Be2 dxc4 8. bxc4
e5 9. O-O Re8 10. d4 exd4 11. Nxd4 Na6 12. Qc2 Qe7 13. Nf5 Bxf5 14. Qxf5 Ba3 15.
Rab1 Bxb2 16. Rxb2 Nc5 17. Rd1 g6 18. Qf4 Nfe4 19. Nxe4 Nxe4 20. g3 Rad8 21. Rd4
Ng5 22. Bg4 f5 23. Rxb7 Qxb7 24. Rxd8 Rxd8 25. Qxg5 Qb1+ 26. Kg2 Rd2 27. Bf3 Qb4
28. Bxc6 Qxc4 29. e4 Qxa2 30. Bd5+ Rxd5 31. exd5 Qxd5+ 32. Kg1 Qd1+ 33. Kg2 Qd5+
34. Kg1 Qd1+ 35. Kg2 Qd7 36. Qf6 a5 37. h4 a4 38. h5 gxh5 39. Qg5+ Kf8 40. Qf6+
Kg8 41. Qg5+ Kf7 42. Qxh5+ Ke6 43. Qh6+ Kd5 44. Qd2+ Kc6 45. Qc3+ Kb5 46. Qb2+
Ka6 47. Qf6+ Ka7 48. Qe5 Qc6+ 49. Kh2 Qc2 50. Qa5+ Kb7 51. Qb5+ Kc7 52. Kh3 Kd6
53. Qb8+ Kd5 54. Kh4 Kc4 55. Qa7 Kb3 56. Qb7+ Kc3 57. Qc7+ Kd2 58. Qd7+ Ke1 59.
Qa7 Kf1 60. Kg5 Kg2 61. Qe3 Qc6 62. Qe2 Qg6+ 63. Kf4 Qg4+ 0-1